000 00607nam a2200229Ia 4500
003 OSt
005 20221007071712.0
006 a|||||r|||| 00| 0
007 ta
008 221006b |||||||| |||| 00| 0 eng d
024 _a25,299
037 _cTextual
040 _aFLL
_cFLL
_beng
041 _2eng
_aeng
082 _aZ3:8831wM86, K1
100 _aCasswell J. D.
_9689248
245 0 _aLance for liberty
260 _aLondon
_bGeorge G. Harrap & Co. Ltd. UK
_c1961
300 _a325p
_ccm.
942 _hZ3:8831wM86, K1
_cTEXL
_2CC
999 _c1144024
_d1144024